Loading...
| Current Events | 1 | 10.00 | 100% | 0% | 0% |
| Fine Arts - Auditory Fine Arts | 5 | 26.00 | 100% | 80% | 80% |
| Fine Arts - Other Fine Arts | 8 | 21.25 | 100% | 75% | 38% |
| Fine Arts - Visual Fine Arts | 2 | 20.00 | 100% | 100% | 0% |
| Geography | 1 | 10.00 | 100% | 0% | 0% |
| History - American History | 4 | 15.00 | 100% | 50% | 0% |
| History - European History | 4 | 20.00 | 100% | 100% | 0% |
| History - Other History | 4 | 20.00 | 100% | 75% | 25% |
| History - World History | 7 | 15.71 | 100% | 57% | 0% |
| Literature - American Literature | 7 | 12.86 | 71% | 43% | 14% |
| Literature - British Literature | 3 | 20.00 | 100% | 100% | 0% |
| Literature - European Literature | 5 | 14.00 | 100% | 40% | 0% |
| Literature - World Literature | 4 | 15.00 | 75% | 50% | 25% |
| Mythology | 3 | 10.00 | 67% | 33% | 0% |
| Other Academic | 1 | 20.00 | 100% | 100% | 0% |
| Philosophy | 1 | 10.00 | 100% | 0% | 0% |
| Religion | 3 | 13.33 | 100% | 33% | 0% |
| Science - Biology | 5 | 14.00 | 80% | 40% | 20% |
| Science - Chemistry | 3 | 10.00 | 100% | 0% | 0% |
| Science - Other Science | 2 | 15.00 | 100% | 50% | 0% |
| Science - Physics | 2 | 25.00 | 100% | 100% | 50% |
| Social Science | 4 | 12.50 | 75% | 50% | 0% |